| Tag |
First Indicator |
Second Indicator |
Subfields |
| LEADER |
00000cam a2200000 a 4500 |
| 001 |
in00000823913 |
| 005 |
20151018120429.0 |
| 008 |
810811s1980 oruabo b f00000 eng d |
| 010 |
|
|
|a gp 81011997
|
| 010 |
|
|
|a 81602252
|
| 035 |
|
|
|a (OCoLC)07680325
|
| 035 |
|
|
|9 ADW3378AM
|
| 040 |
|
|
|a GPO
|c GPO
|d MvI-ran
|d MvI-ran
|d UtOrBLW
|
| 043 |
|
|
|a n-us-nv
|
| 074 |
|
|
|a 610-C-1
|
| 086 |
0 |
|
|a I 49.91:N 41
|
| 245 |
0 |
0 |
|a Nevada's important fish and wildlife habitat :
|b an inventory /
|c U.S. Department of the Interior, Fish and Wildlife Service.
|
| 264 |
|
1 |
|a Portland, Or. :
|b The Service,
|c 1980.
|
| 300 |
|
|
|a iv, 55 pages :
|b illustrations, maps ;
|c 28 cm.
|
| 336 |
|
|
|a text
|b txt
|2 rdacontent
|
| 337 |
|
|
|a unmediated
|b n
|2 rdamedia
|
| 338 |
|
|
|a volume
|b nc
|2 rdacarrier
|
| 500 |
|
|
|a Cover title: Important fish & wildlife habitats of Nevada.
|
| 500 |
|
|
|a Sept. 1980.
|
| 504 |
|
|
|a Bibliography: page 55.
|
| 650 |
|
0 |
|a Wildlife refuges
|z Nevada.
|
| 650 |
|
0 |
|a Wildlife conservation
|z Nevada.
|
| 710 |
2 |
|
|a U.S. Fish and Wildlife Service.
|
| 740 |
0 |
|
|a Important fish & wildlife habitats of Nevada.
|
| 999 |
|
|
|a MARS
|
| 999 |
f |
f |
|s d697ce59-b132-32d1-9e29-533fa7381e0e
|i 0743286a-2c21-315a-afe3-71fe1c9744f6
|t 0
|
| 952 |
f |
f |
|p normal
|a Texas A&M University
|b College Station
|c Sterling C. Evans Library
|d Evans: US Documents (Annex 5th floor)
|t 0
|e I 49.91:N 41
|h Superintendent of Documents classification
|i unmediated -- volume
|m A14838104518
|
| 998 |
f |
f |
|a I 49.91:N 41
|t 0
|l Evans: US Documents (Annex 5th floor)
|